| 000 | | | 03704nmc2a22002771x 450 |
| 001 | | | 03ad85ff-11fe-4ef8-8672-7dd7a40f96ef |
| 005 | | | 20160309091856.0 |
| 100 | ## | $a | 20151228l1832 k y0rusy50 ca |
| 101 | 0# | $a | pol |
| 102 | ## | $a | RU |
| 105 | ## | $a | a z ||||| |
| 122 | 0# | $a | d18321231 |
| 200 | 1# | $a | Выпись из дворянских [списков] Белостокского уезда о родословной семьи Шумович |
| | $j | [Позднее 1832] |
| 215 | ## | $a | 2 листа |
| | $c | ил. |
| 251 | ## | $c | Дело |
| 300 | ## | $a | Подлинник |
| 300 | ## | $a | На польском языке |
| 300 | ## | $a | Листы: 1 - элементы художественного оформления, порван по сгибу; 2 - печать под кустодией, разорван на две части |
| 300 | ## | $a | Рукописный текст |
| 330 | ## | $a | Входит в раздел описи: 3 раздел. Документы разных организаций России (1823-1905 гг.) |
| 461 | #0 | $1 | 00173413d47-36b7-4590-b021-f13c3c58289c |
| | $1 | 2001 |
| | $a | КОЛЛЕКЦИЯ ДОКУМЕНТОВ ПО ИСТОРИИ РЕВОЛЮЦИОННОГО ДВИЖЕНИЯ В РОССИИ |
| | $1 | 251 |
| | $c | Фонд |
| | $1 | 852 |
| | $j | 9599 |
| 462 | #0 | $1 | 001cadcb26a-c41c-4889-9f0c-631c0cfaf7fe |
| | $1 | 2001 |
| | $a | Дела постоянного хранения. 1801-1921, 1978 гг. |
| | $v | Д. 24 |
| | $1 | 251 |
| | $c | Опись |
| | $1 | 852 |
| | $j | 1 |
| 600 | #1 | $a | Шумович |
| 801 | #0 | $a | RU |
| | $b | GA_RF |
| 801 | #1 | $a | RU |
| | $b | НПО Опыт |
| | $c | 20151228 |
| | $2 | rusmarc |
| 801 | #2 | $a | RU |
| | $b | ПБ им. Б.Н. Ельцина |
| | $c | 20160309 |
| | $g | RCR |
| | $2 | rusmarc |
| 852 | ## | $a | ГА РФ |
| | $j | 24 |
| 937 | ## | $d | 66594861 |
| | $h | ПБ |
| 035 | ## | $a | RuPRLIB51034055 |